000
00302nam a2200121Ia 4500
008
220204s9999 xx 000 0 und d
082
_a
031
_b
YAM
100
_a
Yamane, Tare
245
0
_a
Statistics: An introductory analysis
250
_a
Ed.3
260
_a
New York
_b
Harper and Row
_c
1973
942
_c
BK
999
_c
24791
_d
24791